| 000 | 00647nam a22002057a 4500 | ||
|---|---|---|---|
| 999 |
_c8632 _d8632 |
||
| 003 | AR-CdUCM | ||
| 008 | 190325b ||||| |||| 00| 0 spa d | ||
| 040 |
_aMUNICIPALIDAD PROVINCIAL DEL CUSCO _cBIBLIOTECA MUNICIPAL DEL CUSCO |
||
| 082 |
_a301 / _bC47 |
||
| 100 |
_aCépede. Michel _924140 |
||
| 245 | _aEl Hambre / | ||
| 260 |
_aBarcelona : _bOikos-tan, S. A. ; _c1970. |
||
| 300 |
_a123 páginas ; _c18cm |
||
| 440 |
_aColección ¿Qué sé? _n14 _924141 |
||
| 505 | _aContenido: El hambre y el individuo -- El hambre en la sociedad | ||
| 650 |
_aHambre _97447 |
||
| 700 |
_aGounelle. Hugues _924142 |
||
| 942 |
_2ddc _cLIBROS |
||
| 945 | _anom | ||